Budowle z państw - Statystyki

Ogólne statystyki
  • Ten quiz został rozwiązany 38 razy
  • Średni wynik to 15 z 17
Statystyki odpowiedzi
Obrazkowy Odpowiedź % Poprawnych
Brazylia
100%
Egipt
100%
Francja
100%
Polska
100%
USA
100%
USA
100%
Włochy
100%
Włochy
100%
Wielka Brytania
97%
Zjednoczone Emiraty Arabskie
94%
Hiszpania
88%
Indie
88%
Peru
82%
Watykan
79%
Niemcy
70%
Turcja
70%
Japonia
42%
Nie znaleziono quizów pasujących do podanych kryteriów
Rozkład punktacji
Procent ludzi z każdym wynikiem
Percentyl według liczby udzielonych odpowiedzi
Twoja historia wyników
Nie rozwiązałeś tego quizu